| 000 | 00545cjm a22002177a 4500 | ||
|---|---|---|---|
| 001 | 13138513 | ||
| 005 | 20171214050215.0 | ||
| 007 | ss|lunjlcmnnue | ||
| 008 | 030327s1999 xx uun eng | ||
| 010 | _a 2003573422 | ||
| 040 |
_aDLC _cDLC _dDLC |
||
| 041 | _aeng | ||
| 080 | _a621.39 CAR | ||
| 082 | _a621.39 CAR | ||
| 100 | _a10 | ||
| 101 | _aNUT | ||
| 245 | 0 | 0 | _a4 songs by Carey Bell |
| 906 |
_a7 _bcbc _corignew _d3 _encip _f20 _gy-genmusic |
||
| 942 |
_2ddc _cBK |
||
| 999 |
_c38927 _d38927 |
||